000 00667nam a2200181Ia 4500
003 GCL
008 140319s9999 xx 000 0 ara d
040 _aGCL /
_cGCL
082 0 4 _a341.73
_bم غ
100 1 _aمحمد طلعت الغنيمى
245 1 0 _aالغنيمى الوسيط قانون السلام: القانون الدولى العام او قانون الامم زمن السلم /
_cمحمد طلعت الغنيمى
260 _a[S.N] :
_bمكتبه النهضه المصريه ،
_c1993
300 _a909 ص
490 _aالكتب القانونية
_v0
650 0 4 _aالقانون
650 0 4 _aالقانون الدولى
942 _2ddc
_cBK
999 _c35758
_d35758